UEFA Champions League Teams 2024/2025 - Statistics

General Stats
  • This quiz has been taken 70 times
  • The average score is 29 of 36
Answer Stats
Pot 1 % Correct
Borussia Dortmund
100%
FC Barcelona
100%
FC Bayern Munich
100%
Manchester City
100%
Paris Saint-Germain
100%
Real Madrid
100%
AC Milan
98%
Inter Milan
98%
Juventus Turin
96%
Liverpool FC
96%
Arsenal FC
91%
Atletico Madrid
91%
Bayer 04 Leverkusen
91%
PSV Eindhoven
89%
Benfica
88%
Aston Villa
86%
Sporting CP
84%
Celtic Glasgow
79%
RB Leipzig
79%
Atalanta Bergamo
77%
AS Monaco
75%
Lille OSC
75%
Feyenoord Rotterdam
74%
Girona
72%
FC Salzburg
70%
Club Brugge
67%
Young Boys Bern
67%
Stade Brest
63%
Crvena Zvedza
61%
Sparta Praha
61%
VfB Stuttgart
60%
Dinamo Zagreb
58%
Slovan Bratislava
58%
Bologna FC
56%
Shakhtar Donetsk
56%
Sturm Graz
49%
No matching quizzes found
Score Distribution
Percent of People with Each Score
Percentile by Number Answered
Your Score History
You have not taken this quiz